Academy Award For Best Picture Quiz Stats

 Plays Quiz not verified by Sporcle

Challenge
Share
Tweet
Embed
Score 0/82 Timer 10:00
0 Plays Today
Year Film % Correct
1972The Godfather
92.7%
1997Titanic
90.2%
2009The Hurt Locker
87.8%
1994Forrest Gump
85.4%
2005Crash
85.4%
2008Slumdog Millionaire
85.4%
1990Dances with Wolves
82.9%
1993Schindler's List
82.9%
2007No Country for Old Men
82.9%
2000Gladiator
78%
1979Kramer vs. Kramer
75.6%
1939Gone with the Wind
73.2%
1974The Godfather Part II
73.2%
1982Gandhi
73.2%
1991The Silence of the Lambs
73.2%
1998Shakespeare in Love
73.2%
2003The Lord of the Rings
73.2%
2004Million Dollar Baby
73.2%
2006The Departed
73.2%
1943Casablanca
70.7%
1976Rocky
70.7%
1999American Beauty
70.7%
2001A Beautiful Mind
68.3%
2002Chicago
68.3%
1971The French Connection
65.9%
1975One Flew Over the Cuckoo's Nest
65.9%
1995Braveheart
65.9%
1996The English Patient
65.9%
Year Film % Correct
1928Wings
63.4%
1965The Sound of Music
63.4%
1978The Deer Hunter
63.4%
1992Unforgiven
63.4%
1934It Happened One Night
61%
1973The Sting
61%
1981Chariots of Fire
61%
1985Out of Africa
61%
1970Patton
58.5%
1980Ordinary People
58.5%
1983Terms of Endearment
58.5%
1984Amadeus
58.5%
1969Midnight Cowboy
56.1%
1977Annie Hall
56.1%
1989Driving Miss Daisy
56.1%
1962Lawrence of Arabia
53.7%
1986Platoon
53.7%
1988Rain Man
53.7%
1946The Best Years of Our Lives
51.2%
1961West Side Story
51.2%
1987The Last Emperor
51.2%
1930All Quiet on the Western Front
48.8%
1950All About Eve
48.8%
1954On the Waterfront
48.8%
1955Marty
48.8%
1959Ben-Hur
48.8%
1960The Apartment
48.8%
1964My Fair Lady
48.8%
Year Film % Correct
1941How Green Was My Valley
43.9%
1948Hamlet
43.9%
1967In the Heat of the Night
43.9%
1968Oliver
43.9%
1940Rebecca
41.5%
1942Mrs. Miniver
41.5%
1951An American in Paris
41.5%
1953From Here to Eternity
41.5%
1956Around the World in 80 Days
41.5%
1957The Bridge on the River Kwai
41.5%
1958Gigi
41.5%
1945The Lost Weekend
36.6%
1963Tom Jones
36.6%
1966A Man for All Seasons
36.6%
1931Cimarron
34.1%
1936The Great Ziegfeld
34.1%
1929The Broadway Melody
31.7%
1932Grand Hotel
31.7%
1938You Can't Take It With You
31.7%
1944Going My Way
31.7%
1947Gentleman's Agreement
31.7%
1949All the King's Men
31.7%
1952The Greatest Show on Earth
31.7%
1933Cavalcade
29.3%
1935Mutiny on the Bounty
29.3%
1937The Life of Emile Zola
26.8%

You're not logged in!

Compare scores with friends on all Sporcle quizzes.
Join for Free
OR
Log In

You Might Also Like...

Show Comments

Extras

Created Feb 17, 2011ReportNominate
Tags:academy, award, Image Quiz

Top Quizzes Today


Score Distribution

Your Account Isn't Verified!

In order to create a playlist on Sporcle, you need to verify the email address you used during registration. Go to your Sporcle Settings to finish the process.

Report this User

Report this user for behavior that violates our Community Guidelines.

Details: